Random Emoji Quiz - Statistics

General Stats
  • This quiz has been taken 705 times
  • The average score is 15 of 25
Answer Stats
Hint Answer % Correct
๐ŸŽŸ๏ธ admission {tickets}
100%
๐Ÿ›ซ airplane {departure}
100%
โš“ {anchor}
100%
๐Ÿ’ข {anger} symbol
100%
๐Ÿง‘โ€๐Ÿš€ {astronaut}
100%
โš›๏ธ {atom} symbol
100%
๐Ÿฅ‘ {avocado}
100%
๐Ÿ‘ถ {baby}
100%
๐Ÿฆ {bank}
100%
๐Ÿ’ˆ {barber} pole
100%
โšพ {baseball}
100%
๐Ÿ”‹ {battery}
100%
๐Ÿป {bear}
100%
๐Ÿ›๏ธ {bed}
100%
๐Ÿซ‘ bell {pepper}
100%
๐Ÿšฒ {bicycle}
100%
๐Ÿ‘™ {bikini}
100%
๐ŸŽ‚ {birthday} cake
100%
โšซ {black} circle
100%
๐Ÿ”ต {blue} circle
100%
๐Ÿ’ฃ {bomb}
100%
๐ŸŽณ {bowling}
100%
๐Ÿง  {brain}
100%
๐Ÿฅฆ {broccoli}
100%
โ›“๏ธโ€๐Ÿ’ฅ broken {chain}
100%
๐Ÿ’” {broken} heart
100%
๐Ÿซง {bubbles}
100%
๐Ÿง‹ {bubble} tea
100%
๐Ÿš… bullet {train}
100%
๐ŸŒต {cactus}
100%
๐Ÿช {camel}
100%
๐Ÿฅซ {canned} food
100%
๐Ÿฅ• {carrot}
100%
๐Ÿฐ {castle}
100%
๐Ÿ“ˆ chart {increasing}
100%
โ˜‘๏ธ {check} box with check
100%
โœ… {check} mark button
100%
๐Ÿ {chequered} flag
100%
โ™Ÿ๏ธ {chess} piece
100%
๐Ÿšธ {children} crossing
100%
๐Ÿซ {chocolate} bar
100%
๐Ÿฅข {chopsticks}
100%
โ›ช {church}
100%
โ“‚๏ธ circled {M}
100%
๐ŸŽช {circus} tent
100%
๐Ÿ‘ {clapping} hands
100%
๐Ÿ“ซ closed {mailbox} with raised flag
100%
๐ŸŒฉ๏ธ cloud with {lightning}
100%
๐Ÿคก {clown} face
100%
๐Ÿงฅ {coat}
100%
๐Ÿงญ {compass}
100%
๐Ÿ’ฝ computer {disk}
100%
๐ŸŽŠ {confetti} ball
100%
๐Ÿง‘โ€๐Ÿณ {cook}
100%
๐Ÿช {cookie}
100%
๐Ÿ†’ {COOL} button
100%
๐Ÿค  {cowboy} hat face
100%
๐Ÿฎ {cow} face
100%
๐Ÿ–๏ธ {crayon}
100%
๐ŸŽŒ crossed {flags}
100%
๐Ÿฅ’ {cucumber}
100%
๐Ÿง {cupcake}
100%
๐Ÿคฟ {diving} mask
100%
๐Ÿฌ {dolphin}
100%
โžฟ double curly {loop}
100%
โ€ผ๏ธ {double} exclamation mark
100%
๐Ÿ•Š๏ธ {dove}
100%
๐Ÿ‰ {dragon}
100%
๐Ÿ‘— {dress}
100%
๐Ÿฅ {drum}
100%
๐Ÿฆ… {eagle}
100%
๐Ÿ‘‚ {ear}
100%
๐ŸŒฝ ear of {corn}
100%
๐Ÿฆป ear with {hearing} {aid}
100%
๐Ÿ† {eggplant}
100%
๐Ÿ˜ {elephant}
100%
๐Ÿ•š {eleven} o'clock
100%
๐Ÿ“ง {e}-{mail}
100%
โœ‰๏ธ {envelope}
100%
๐Ÿ’ถ {euro} banknote
100%
๐Ÿ‘€ {eyes}
100%
๐Ÿฅน face holding back {tears}
100%
๐Ÿ˜ต face with {crossed}-out eyes
100%
๐Ÿคญ face with hand over {mouth}
100%
๐Ÿซข face with open {eyes} and hand over mouth
100%
๐Ÿ˜ถ face without {mouth}
100%
๐Ÿ˜‚ face with tears of {joy}
100%
๐Ÿงš {fairy}
100%
โฉ fast-{forward} button
100%
๐ŸŽก {ferris} {wheel}
100%
๐Ÿ”ฅ {fire}
100%
๐Ÿš’ {fire} {engine}
100%
๐Ÿ”ฆ {flashlight}
100%
โšœ๏ธ {fleur}-{de}-{lis}
100%
๐Ÿ’ช flexed {bicep}
100%
๐Ÿชฐ {fly}
100%
๐Ÿด {fork} and {knife}
100%
๐Ÿฅ  {fortune} cookie
100%
โ›ฒ {fountain}
100%
๐ŸฆŠ {fox}
100%
๐Ÿธ {frog}
100%
๐Ÿ˜ฆ {frowning} face with open mouth
100%
๐Ÿ’Ž {gem} stone
100%
๐Ÿฆ’ {giraffe}
100%
๐Ÿ‘ง {girl}
100%
๐Ÿฅ› glass of {milk}
100%
๐ŸŒ {globe} showing Europe-Africa
100%
๐ŸŽ“ {graduation} cap
100%
๐Ÿ’š {green} heart
100%
๐Ÿ˜… grinning face with {sweat}
100%
๐Ÿน {hamster}
100%
๐Ÿ‘œ {handbag}
100%
๐Ÿค {handshake}
100%
๐ŸŽง {headphone}
100%
๐Ÿซถ {heart} hands
100%
โค๏ธโ€๐Ÿ”ฅ heart on {fire}
100%
๐Ÿ’ heart with {ribbon}
100%
๐Ÿ‘  {high}-{heeled} shoe
100%
โญ• hollow red {circle}
100%
๐Ÿฏ {honey} pot
100%
๐Ÿช {hook}
100%
๐Ÿ‡ {horse} racing
100%
๐Ÿฅ {hospital}
100%
๐Ÿก {house}
100%
๐Ÿ˜๏ธ {houses}
100%
๐ŸงŠ {ice}
100%
๐Ÿจ {ice} {cream}
100%
๐Ÿซต index pointing at the {viewer}
100%
๐Ÿ‘– {jeans}
100%
๐Ÿ”‘ {key}
100%
โŒจ๏ธ {keyboard}
100%
๐Ÿ’ {kiss}
100%
๐Ÿ”ช kitchen {knife}
100%
๐Ÿฅ {kiwi} fruit
100%
๐Ÿชข {knot}
100%
๐Ÿท๏ธ {label}
100%
๐Ÿž lady {beetle}
100%
โฌ…๏ธ {left} arrow
100%
๐Ÿฆต {leg}
100%
๐Ÿ”— {link}
100%
๐Ÿฆ {lion}
100%
๐Ÿ’„ {lipstick}
100%
๐Ÿฆ™ {llama}
100%
๐Ÿ›… lost {luggage}
100%
๐Ÿ˜ญ loudly {crying} face
100%
๐Ÿ“ข {loudspeaker}
100%
๐Ÿ’Œ {love} letter
100%
๐Ÿคฅ {lying} face
100%
๐Ÿงฒ {magnet}
100%
๐Ÿ” {magnifying} {glass} tilted left
100%
๐Ÿ•บ man {dancing}
100%
๐Ÿช‡ {maracas}
100%
๐Ÿ– {meat} on stick
100%
๐Ÿฆพ mechanical {arm}
100%
๐Ÿ“ฃ {megaphone}
100%
๐Ÿˆ {melon}
100%
๐Ÿซ  {melting} face
100%
๐Ÿชž {mirror}
100%
๐Ÿชฉ mirror {ball}
100%
๐Ÿต {monkey} face
100%
โ›ฐ๏ธ {mountain}
100%
๐Ÿ‘„ {mouth}
100%
๐Ÿคถ {Mrs}. {Claus}
100%
๐ŸŽต musical {note}
100%
๐Ÿ”‡ muted {speaker}
100%
๐Ÿž๏ธ {national} park
100%
๐Ÿ†• {NEW} button
100%
๐Ÿ“ฐ {newspaper}
100%
๐Ÿ•˜ {nine} o'clock
100%
๐Ÿ”ฉ nut and {bolt}
100%
๐Ÿ†— {OK} button
100%
๐Ÿ‘ด old {man}
100%
๐Ÿ‘ต old {woman}
100%
๐Ÿง… {onion}
100%
๐ŸŸ  {orange} circle
100%
๐Ÿฆ‰ {owl}
100%
๐Ÿซณ {palm} down hand
100%
๐Ÿคฒ {palms} up together
100%
๐ŸŒด {palm} tree
100%
โธ๏ธ {pause} button
100%
๐Ÿ…ฟ๏ธ {P} button
100%
๐Ÿฅœ {peanut}
100%
๐Ÿซ› {peapod}
100%
๐Ÿ–Š๏ธ {pen}
100%
โœ๏ธ {pencil}
100%
๐ŸŽญ performing {arts}
100%
๐Ÿ˜ฃ {persevering} face
100%
๐Ÿšด person {biking}
100%
๐Ÿ‘ฑ person: {blond} hair
100%
๐Ÿง— person {climbing}
100%
๐Ÿง‘โ€๐Ÿผ person feeding {baby}
100%
๐Ÿ™… person gesturing {NO}
100%
๐Ÿ’‡ person getting {haircut}
100%
๐ŸŒ๏ธ person {golfing}
100%
๐Ÿ›Œ person in {bed}
100%
๐Ÿคฝ person playing {water} {polo}
100%
๐Ÿง‘โ€๐Ÿฆฐ person: {red} hair
100%
๐Ÿšฃ person {rowing} boat
100%
๐Ÿ›€ person taking {bath}
100%
๐Ÿšถ person {walking}
100%
๐Ÿง‘โ€๐Ÿฆณ person: {white} hair
100%
๐Ÿซ… person with {crown}
100%
๐Ÿงซ {petri} dish
100%
๐Ÿฆโ€๐Ÿ”ฅ {phoenix}
100%
โ›๏ธ {pick}
100%
๐Ÿฅง {pie}
100%
๐Ÿ– {pig}
100%
๐Ÿท {pig} face
100%
๐Ÿ“ {ping} {pong}
100%
๐Ÿฉท {pink} heart
100%
๐Ÿ› place of {worship}
100%
โ–ถ๏ธ {play} button
100%
๐Ÿปโ€โ„๏ธ {polar} {bear}
100%
๐Ÿšจ {police} car light
100%
๐Ÿฟ {popcorn}
100%
๐Ÿฅ” {potato}
100%
๐Ÿ“ฟ prayer {beads}
100%
๐Ÿฅจ {pretzel}
100%
๐Ÿ–จ๏ธ {printer}
100%
๐ŸŸช {purple} square
100%
๐Ÿ‡ {rabbit}
100%
๐Ÿšƒ {railway} car
100%
๐Ÿงพ {receipt}
100%
๐Ÿงง red {envelope}
100%
โ— red {exclamation} mark
100%
โค๏ธ {red} heart
100%
๐ŸŸฅ {red} square
100%
๐Ÿ”บ red {triangle} pointed up
100%
โ—€๏ธ {reverse} button
100%
โคต๏ธ right arrow curving {down}
100%
๐Ÿช ringed {planet}
100%
๐Ÿค– {robot}
100%
๐Ÿ›ผ {roller} {skate}
100%
๐Ÿงป roll of {paper}
100%
๐Ÿ˜ฅ sad but {relieved} face
100%
๐Ÿงท {safety} {pin}
100%
๐Ÿ“ก {satellite} antenna
100%
๐ŸŽท {saxophone}
100%
๐Ÿซ {school}
100%
โœ‚๏ธ {scissors}
100%
โ™ {Scorpio}
100%
๐Ÿฆญ {seal}
100%
๐Ÿ’บ {seat}
100%
๐Ÿ•– {seven} o'clock
100%
๐ŸŒพ sheaf of {rice}
100%
๐Ÿšข {ship}
100%
๐ŸŒ  {shooting} star
100%
๐Ÿ›๏ธ {shopping} bag
100%
๐Ÿ›’ {shopping} {cart}
100%
๐Ÿฉณ {shorts}
100%
๐Ÿšฟ {shower}
100%
๐Ÿ•ก {six}-{thirty}
100%
๐ŸŽฐ {slot} {machine}
100%
๐Ÿฅฐ smiling face with {hearts}
100%
๐Ÿฅฒ smiling face with {tear}
100%
๐Ÿ {snake}
100%
โšฝ {soccer} ball
100%
๐Ÿงฆ {socks}
100%
๐Ÿ†˜ {SOS} button
100%
โ™ ๏ธ {spade} suit
100%
๐Ÿ {spaghetti}
100%
โœจ {sparkle}
100%
๐Ÿšค {speedboat}
100%
๐Ÿš™ sport {utility} vehicle
100%
๐ŸŸ๏ธ {stadium}
100%
๐Ÿคฉ star-{struck}
100%
๐Ÿ“ {strawberry}
100%
๐Ÿ•ถ๏ธ {sunglasses}
100%
๐ŸŒ… {sunrise}
100%
๐ŸŒ‡ {sunset}
100%
๐Ÿฃ {sushi}
100%
๐Ÿ’‰ {syringe}
100%
๐ŸŒฎ {taco}
100%
โ˜Ž๏ธ {telephone}
100%
๐Ÿ”ญ {telescope}
100%
๐Ÿ‘Ž {thumbs} {down}
100%
๐Ÿ‘ {thumbs} {up}
100%
๐Ÿšฝ {toilet}
100%
๐Ÿ‘… {tongue}
100%
๐Ÿ“ {triangular} ruler
100%
๐Ÿ† {trophy}
100%
๐ŸŽบ {trumpet}
100%
๐Ÿ‘• {t}-{shirt}
100%
๐Ÿ•› {twelve} o'clock
100%
๐Ÿ•‘ {two} o'clock
100%
โ˜” umbrella with {rain} drops
100%
๐Ÿ”“ {unlocked}
100%
โฌ†๏ธ {up} arrow
100%
๐Ÿง› {vampire}
100%
๐Ÿ“ผ video{cassette}
100%
๐ŸŽฎ {video} {game}
100%
๐Ÿ†š {VS} button
100%
๐Ÿ–– {vulcan} salute
100%
๐Ÿง‡ {waffle}
100%
โŒš {watch}
100%
๐Ÿƒ {water} buffalo
100%
๐Ÿ”ซ {water} pistol
100%
๐ŸŒ” waxing {gibbous} moon
100%
๐Ÿ’’ {wedding}
100%
๐Ÿ‹ {whale}
100%
โ™ฟ {wheelchair} symbol
100%
๐Ÿฅ€ {wilted} flower
100%
๐Ÿชฝ {wing}
100%
๐Ÿ˜‰ {winking} face
100%
๐Ÿบ {wolf}
100%
๐Ÿ—บ๏ธ world {map}
100%
๐Ÿ˜Ÿ {worried} face
100%
โœ๏ธ {writing} hand
100%
๐Ÿฅฑ {yawning} face
100%
๐Ÿช€ {yo}-{yo}
100%
๐Ÿฆ“ {zebra}
100%
๐ŸงŸ {zombie}
100%
๐Ÿ’ค {ZZZ}
100%
๐Ÿ˜  {angry} face
67%
๐ŸŒ {banana}
67%
โ™‹ {Cancer}
67%
๐ŸŒซ๏ธ {fog}
67%
๐ŸŒ• {full} moon
67%
๐Ÿชฟ {goose}
67%
๐Ÿ™‚โ€โ†•๏ธ head {shaking} vertically
67%
๐Ÿง‚ {salt}
67%
๐Ÿฅ‡ 1st {place} medal
50%
โœˆ๏ธ {airplane}
50%
๐Ÿ‘พ alien {monster}
50%
๐Ÿˆ american {football}
50%
๐Ÿซ˜ {beans}
50%
๐Ÿ”ฒ {black} square button
50%
๐ŸคŽ {brown} heart
50%
๐Ÿ“… {calendar}
50%
๐Ÿ›ถ {canoe}
50%
๐Ÿ˜น cat with tears of {joy}
50%
๐Ÿ˜ผ cat with {wry} smile
50%
๐Ÿฅฉ cut of {meat}
50%
๐Ÿซฅ {dotted} line face
50%
๐Ÿ›— {elevator}
50%
โซ fast {up} button
50%
๐Ÿซ• {fondue}
50%
โ›ฝ {fuel} pump
50%
๐ŸŸข {green} circle
50%
๐Ÿ˜ƒ {grinning} face with big eyes
50%
๐ŸŽธ {guitar}
50%
โš–๏ธ hanging {scales}
50%
๐Ÿฅพ {hiking} boot
50%
๐Ÿ’ฏ {hundred} points
50%
๐Ÿ†” {ID} button
50%
๐Ÿฏ {Japanese} castle
50%
ใŠ™๏ธ Japanese "{secret}" button
50%
๐Ÿง‘โ€โš–๏ธ {judge}
50%
โฎ๏ธ {last} track button
50%
โ†”๏ธ {left}-{right} arrow
50%
โ™Œ {Leo}
50%
๐Ÿช„ magic {wand}
50%
๐Ÿง‰ {mate}
50%
๐Ÿ“ฑ mobile {phone}
50%
๐Ÿคข {nauseated} face
50%
๐Ÿšฑ non-potable {water}
50%
๐Ÿ•‰๏ธ {om}
50%
๐Ÿคผ people {wrestling}
50%
๐Ÿง” person: {beard}
50%
๐Ÿ™Ž person {pouting}
50%
๐Ÿคท person {shrugging}
50%
โ™“ {Pisces}
50%
๐Ÿ› playground {slide}
50%
๐Ÿฅบ {pleading} face
50%
๐Ÿ‘Ÿ {running} shoe
50%
๐Ÿคซ {shushing} face
50%
๐Ÿ›ท {sled}
50%
๐Ÿ˜ smiling face with {heart}-eyes
50%
๐Ÿงต {thread}
50%
๐Ÿ… {tomato}
50%
๐Ÿงฐ {toolbox}
50%
๐Ÿ” {TOP} arrow
50%
๐Ÿ”ผ {upwards} button
50%
๐Ÿชฑ {worm}
50%
๐Ÿ“ถ {antenna} bars
33%
๐ŸŽ›๏ธ control {knobs}
33%
๐Ÿฅฟ {flat} shoe
33%
๐Ÿ“ {memo}
33%
๐Ÿข {office} building
33%
โ‡๏ธ {sparkle}
25%
๐Ÿงฎ {abacus}
0%
๐Ÿช— {accordion}
0%
๐Ÿฉน adhesive {bandage}
0%
๐Ÿšก aerial {tramway}
0%
๐Ÿ›ฌ airplane {arrival}
0%
โฐ {alarm} clock
0%
โš—๏ธ {alembic}
0%
๐Ÿ‘ฝ {alien}
0%
๐Ÿš‘ {ambulance}
0%
๐Ÿบ {amphora}
0%
๐Ÿซ€ anatomical {heart}
0%
๐Ÿ‘ฟ angry face with {horns}
0%
๐Ÿ˜ง {anguished} face
0%
๐Ÿœ {ant}
0%
๐Ÿ˜ฐ anxious face with {sweat}
0%
โ™’ {Aquarius}
0%
โ™ˆ {Aries}
0%
๐Ÿš› articulated {lorry}
0%
๐Ÿง‘โ€๐ŸŽจ {artist}
0%
๐ŸŽจ artists {palette}
0%
๐Ÿ˜ฒ {astonished} face
0%
๐Ÿง {atm} sign
0%
๐Ÿš— {automobile}
0%
๐Ÿ›บ auto {rickshaw}
0%
๐Ÿช“ {axe}
0%
๐Ÿ‘ผ baby {angel}
0%
๐Ÿผ baby {bottle}
0%
๐Ÿค baby {chick}
0%
๐Ÿšผ {baby} symbol
0%
๐Ÿ”™ {BACK} arrow
0%
๐Ÿ‘ˆ {backhand} index pointing left
0%
๐ŸŽ’ {backpack}
0%
๐Ÿฅ“ {bacon}
0%
๐Ÿฆก {badger}
0%
๐Ÿธ {badminton}
0%
๐Ÿฅฏ {bagel}
0%
๐Ÿ›„ {baggage} claim
0%
๐Ÿฅ– {baguette} bread
0%
๐Ÿฉฐ {ballet} shoes
0%
๐ŸŽˆ {balloon}
0%
๐Ÿ—ณ๏ธ {ballot} box with ballots
0%
๐Ÿช• {banjo}
0%
๐Ÿ“Š {bar} chart
0%
๐Ÿงบ {basket}
0%
๐Ÿ€ {basketball}
0%
๐Ÿฆ‡ {bat}
0%
๐Ÿ› {bathtub}
0%
๐Ÿ–๏ธ {beach} with umbrella
0%
๐Ÿ˜ {beaming} face with smiling eyes
0%
๐Ÿ’“ {beating} heart
0%
๐Ÿฆซ {beaver}
0%
๐Ÿบ {beer} mug
0%
๐Ÿชฒ {beetle}
0%
๐Ÿ”” {bell}
0%
๐Ÿ›Ž๏ธ bellhop {bell}
0%
๐Ÿ”• {bell} with slash
0%
๐Ÿฑ {bento} box
0%
๐Ÿงƒ {beverage} box
0%
๐Ÿงข billed {cap}
0%
โ˜ฃ๏ธ {biohazard}
0%
๐Ÿฆ {bird}
0%
๐Ÿซฆ biting {lip}
0%
๐Ÿฆโ€โฌ› {black} bird
0%
๐Ÿ–ค {black} heart
0%
โฌ› {black} large square
0%
โ—พ black {medium}-{small} square
0%
โ—ผ๏ธ black {medium} square
0%
โœ’๏ธ black {nib}
0%
๐ŸŒผ {blossom}
0%
๐Ÿก {blowfish}
0%
๐Ÿซ {blueberries}
0%
๐Ÿ’™ {blue} heart
0%
๐ŸŸฆ {blue} square
0%
๐Ÿ— {boar}
0%
๐Ÿฆด {bone}
0%
๐Ÿ”– {bookmark}
0%
๐Ÿ“‘ {bookmark} tabs
0%
๐Ÿชƒ {boomerang}
0%
๐Ÿ’ {bouquet}
0%
๐Ÿน {bow} and {arrow}
0%
๐ŸฅŠ {boxing} glove
0%
๐Ÿ‘ฆ {boy}
0%
๐Ÿž {bread}
0%
๐Ÿงฑ {brick}
0%
๐ŸŒ‰ bridge at {night}
0%
๐Ÿ’ผ {briefcase}
0%
๐Ÿฉฒ {briefs}
0%
๐Ÿ”† {brighten} button
0%
๐Ÿงน {broom}
0%
๐ŸŸค {brown} circle
0%
๐Ÿ„โ€๐ŸŸซ brown {mushroom}
0%
๐ŸŸซ {brown} square
0%
๐Ÿชฃ {bucket}
0%
๐Ÿ› {bug}
0%
๐Ÿ—๏ธ building {construction}
0%
๐ŸŽฏ {bullseye}
0%
๐ŸŒฏ {burrito}
0%
๐ŸšŒ {bus}
0%
๐Ÿš {bus} stop
0%
๐Ÿงˆ {butter}
0%
๐Ÿฆ‹ {butterfly}
0%
๐Ÿค™ {call} {me} hand
0%
๐Ÿ“ท {camera}
0%
๐Ÿ•๏ธ {camping}
0%
๐Ÿ•ฏ๏ธ {candle}
0%
๐Ÿฌ {candy}
0%
โ™‘ {Capricorn}
0%
๐Ÿ“‡ {card} index
0%
๐ŸŽ  {carousel} horse
0%
๐Ÿชš carpentry {saw}
0%
๐ŸŽ {carp} streamer
0%
๐Ÿฑ {cat} face
0%
๐Ÿช‘ {chair}
0%
๐Ÿ“‰ chart {decreasing}
0%
๐Ÿ’น chart increasing with {yen}
0%
โœ”๏ธ {check} mark
0%
๐Ÿง€ {cheese} wedge
0%
๐Ÿ’ {cherries}
0%
๐ŸŒธ {cherry} blossom
0%
๐ŸŒฐ {chestnut}
0%
๐Ÿง’ {child}
0%
๐Ÿฟ๏ธ {chipmunk}
0%
๐ŸŽ„ {Christmas} tree
0%
๐Ÿšฌ {cigarette}
0%
๐ŸŽฆ {cinema}
0%
๐Ÿ™๏ธ {cityscape}
0%
๐ŸŒ† cityscape at {dusk}
0%
๐Ÿ—œ๏ธ {clamp}
0%
๐ŸŽฌ {clapper} board
0%
๐Ÿ›๏ธ {classical} building
0%
๐Ÿ“‹ {clipboard}
0%
๐Ÿ”ƒ {clockwise} vertical arrows
0%
๐Ÿ“• closed {book}
0%
โ˜๏ธ {cloud}
0%
๐ŸŒง๏ธ cloud with {rain}
0%
๐ŸŒจ๏ธ cloud with {snow}
0%
โ™ฃ๏ธ {club} suit
0%
๐Ÿ‘ {clutch} bag
0%
๐Ÿชณ {cockroach}
0%
๐Ÿธ {cocktail} glass
0%
๐Ÿฅฅ {coconut}
0%
โšฐ๏ธ {coffin}
0%
๐Ÿช™ {coin}
0%
๐Ÿฅถ {cold} face
0%
๐Ÿ’ฅ {collision}
0%
โ˜„๏ธ {comet}
0%
๐Ÿ’ป {computer}
0%
๐Ÿ–ฑ๏ธ computer {mouse}
0%
๐Ÿ˜– {confounded} face
0%
๐Ÿ˜• {confused} face
0%
๐Ÿšง {construction}
0%
๐Ÿ‘ท {construction} worker
0%
๐ŸŽš๏ธ control {slider}
0%
๐Ÿช {convenience} store
0%
๐Ÿณ {cooking}
0%
ยฉ๏ธ {copyright}
0%
๐Ÿชธ {coral}
0%
๐Ÿ›‹๏ธ {couch} and {lamp}
0%
๐Ÿ”„๏ธ {counterclockwise} arrow button
0%
๐Ÿ’‘ couple with {heart}
0%
๐Ÿ„ {cow}
0%
๐Ÿฆ€ {crab}
0%
๐Ÿ’ณ {credit} {card}
0%
๐ŸŒ™ {crescent} moon
0%
๐Ÿฆ— {cricket}
0%
๐Ÿ {cricket} game
0%
๐ŸŠ {crocodile}
0%
๐Ÿฅ {croissant}
0%
๐Ÿคž {crossed} fingers
0%
โŒ {cross} mark
0%
โŽ {cross} mark button
0%
๐Ÿ‘‘ {crown}
0%
๐Ÿฉผ {crutch}
0%
๐Ÿ˜ฟ {crying} cat
0%
๐Ÿ˜ข {crying} face
0%
๐Ÿ”ฎ {crystal} ball
0%
๐ŸฅŒ {curling} stone
0%
โžฐ curly {loop}
0%
๐Ÿ’ฑ {currency} exchange
0%
๐Ÿ› {curry} rice
0%
๐Ÿฎ {custard}
0%
๐Ÿ›ƒ {customs}
0%
๐ŸŒ€ {cyclone}
0%
๐Ÿ—ก๏ธ {dagger}
0%
๐Ÿก {dango}
0%
๐Ÿ’จ {dashing} away
0%
๐Ÿง {deaf} person
0%
๐ŸŒณ {deciduous} tree
0%
๐Ÿšš {delivery} truck
0%
๐Ÿฌ {department} store
0%
๐Ÿ  {derelict} house
0%
๐Ÿœ๏ธ {desert}
0%
๐Ÿ๏ธ deserted {island}
0%
๐Ÿ–ฅ๏ธ {desktop} computer
0%
๐Ÿ•ต๏ธ {detective}
0%
โ™ฆ๏ธ {diamond} suit
0%
๐Ÿ’  {diamond} with a dot
0%
๐Ÿ”… {dim} button
0%
๐Ÿ˜ž {disappointed} face
0%
๐Ÿฅธ {disguised} face
0%
โž— {divide}
0%
๐Ÿช” diya {lamp}
0%
๐Ÿ’ซ {dizzy}
0%
๐Ÿงฌ {dna}
0%
๐Ÿฆค {dodo}
0%
๐Ÿถ {dog} face
0%
๐Ÿ’ต {dollar} banknote
0%
๐Ÿšช {door}
0%
๐Ÿฉ {doughnut}
0%
โฌ‡๏ธ {down} arrow
0%
๐Ÿ˜“ {downcast} face with sweat
0%
๐Ÿ”ฝ {downwards} button
0%
๐Ÿคค {drooling} face
0%
๐Ÿ˜ {drooling} face with tongue
0%
๐Ÿ’ง {droplet}
0%
๐Ÿฉธ drop of {blood}
0%
๐Ÿฆ† {duck}
0%
๐ŸฅŸ {dumpling}
0%
๐Ÿ“€ {dvd}
0%
๐Ÿฅš {egg}
0%
๐Ÿ•— {eight} o'clock
0%
โœด๏ธ eight-pointed {star}
0%
โœณ๏ธ eight-spoked {asterisk}
0%
๐Ÿ•ฃ {eight}-{thirty}
0%
โ๏ธ {eject} button
0%
๐Ÿ”Œ electrical {plug}
0%
๐Ÿ•ฆ {eleven}-{thirty}
0%
๐Ÿง {elf}
0%
๐Ÿ”š {END} arrow
0%
๐Ÿ˜ก {enraged} face
0%
๐ŸŒฒ {evergreen} tree
0%
๐Ÿ‘ {ewe}
0%
โ‰๏ธ {exclamation} {question} mark
0%
๐Ÿคฏ {exploding} head
0%
๐Ÿ˜‘ {expressionless} face
0%
๐Ÿ‘๏ธ {eye}
0%
๐Ÿ‘๏ธโ€๐Ÿ—จ๏ธ {eye} in speech bubble
0%
๐Ÿ˜˜ face {blowing} a kiss
0%
๐Ÿ˜ฎโ€๐Ÿ’จ face {exhaling}
0%
๐Ÿ˜ถโ€๐ŸŒซ๏ธ face in {clouds}
0%
๐Ÿ˜‹ face {savoring} food
0%
๐Ÿ˜ฑ face {screaming} in fear
0%
๐Ÿคฎ face {vomiting}
0%
๐Ÿซค face with {diagonal} mouth
0%
๐Ÿค• face with head-{bandage}
0%
๐Ÿ˜ท face with medical {mask}
0%
๐Ÿง face with {monocle}
0%
๐Ÿ˜ฎ face with open {mouth}
0%
๐Ÿซฃ face with {peeking} eye
0%
๐Ÿคจ face with raised {eyebrow}
0%
๐Ÿ™„ face with {rolling} eyes
0%
๐Ÿ˜ตโ€๐Ÿ’ซ face with {spiral} eyes
0%
๐Ÿ˜ค face with {steam} from nose
0%
๐Ÿคฌ face with {symbols} on mouth
0%
๐Ÿค’ face with {thermometer}
0%
๐Ÿ˜› face with {tongue}
0%
๐Ÿญ {factory}
0%
๐Ÿง‘โ€๐Ÿญ {factory} worker
0%
๐Ÿง† {falafel}
0%
๐Ÿ‚ {falling} leaf
0%
๐Ÿ‘ช {family}
0%
๐Ÿง‘โ€๐ŸŒพ {farmer}
0%
โฌ fast {down} button
0%
โช fast {reverse} button
0%
๐Ÿ˜จ {fearful} face
0%
๐Ÿชถ {feather}
0%
โ™€๏ธ {female} sign
0%
โ›ด๏ธ {ferry}
0%
๐Ÿ‘ field {hockey}
0%
๐Ÿ—„๏ธ {file} cabinet
0%
๐Ÿ“ {file} folder
0%
๐ŸŽž๏ธ {film} frames
0%
๐Ÿ“ฝ๏ธ film {projector}
0%
๐Ÿงจ {firecracker}
0%
๐Ÿงฏ {fire} {extinguisher}
0%
๐Ÿง‘โ€๐Ÿš’ {firefighter}
0%
๐ŸŽ† {fireworks}
0%
๐ŸŸ {fish}
0%
๐ŸŽฃ {fishing} {pole}
0%
๐Ÿ•” {five} o'clock
0%
๐Ÿ•  {five}-{thirty}
0%
โ›ณ {flag} in hole
0%
๐Ÿฆฉ {flamingo}
0%
๐Ÿซ“ {flatbread}
0%
๐Ÿ“  {floppy} disk
0%
๐Ÿ’พ {floppy} disk
0%
๐ŸŽด flower {playing} {cards}
0%
๐Ÿ˜ณ {flushed} face
0%
๐Ÿชˆ {flute}
0%
๐Ÿฅ flying {disc}
0%
๐Ÿ›ธ flying {saucer}
0%
๐ŸŒ {foggy}
0%
๐Ÿ™ {folded} hands
0%
๐Ÿชญ folding hand {fan}
0%
๐Ÿฆถ {foot}
0%
๐Ÿ‘ฃ {footprints}
0%
๐Ÿ–‹๏ธ {fountain} pen
0%
๐Ÿ€ four leaf {clover}
0%
๐Ÿ•“ {four} o'clock
0%
๐Ÿ•Ÿ {four}-{thirty}
0%
๐Ÿ–ผ๏ธ framed {picture}
0%
๐Ÿ†“ {FREE} button
0%
๐ŸŸ {french} {fries}
0%
๐Ÿค fried {shrimp}
0%
โ˜น๏ธ {frowning} face
0%
โšฑ๏ธ funeral {urn}
0%
๐ŸŽฒ game {die}
0%
๐Ÿง„ {garlic}
0%
โš™๏ธ {gear}
0%
โ™Š {Gemini}
0%
๐Ÿงž {genie}
0%
๐Ÿ‘ป {ghost}
0%
๐Ÿซš {ginger} root
0%
๐Ÿ‘“ {glasses}
0%
๐ŸŒ {globe} with meridians
0%
๐Ÿงค {gloves}
0%
๐ŸŒŸ {glowing} star
0%
๐Ÿฅ… {goal} {net}
0%
๐Ÿ {goat}
0%
๐Ÿ‘บ {goblin}
0%
๐Ÿฅฝ {goggles}
0%
๐Ÿ‡ {grape}
0%
๐Ÿฅ— green {salad}
0%
๐ŸŸฉ {green} square
0%
๐Ÿฉถ {grey} heart
0%
๐Ÿ˜ฌ {grimacing} face
0%
๐Ÿ˜บ {grinning} cat
0%
๐Ÿ˜ธ {grinning} cat with smiling eyes
0%
๐Ÿ˜€ {grinning} face
0%
๐Ÿ˜„ {grinning} face with smiling eyes
0%
๐Ÿ˜† grinning {squinting} face
0%
๐Ÿ’— {growing} heart
0%
๐Ÿ’‚ {guard}
0%
๐Ÿชฎ {hair} pick
0%
๐Ÿ” {hamburger}
0%
๐Ÿ”จ {hammer}
0%
โš’๏ธ {hammer} and {pick}
0%
๐Ÿ› ๏ธ {hammer} and {wrench}
0%
๐Ÿชฌ {hamsa}
0%
๐ŸคŒ hand with fingers {pinched}
0%
๐Ÿ–๏ธ hand with fingers {splayed}
0%
๐Ÿซฐ hand with index finger and thumb {crossed}
0%
๐Ÿ™‚โ€โ†”๏ธ head {shaking} horizontally
0%
๐Ÿชฆ {headstone}
0%
๐Ÿง‘โ€โš•๏ธ {health} worker
0%
๐Ÿ™‰ {hear}-no-evil monkey
0%
๐Ÿ’Ÿ heart {decoration}
0%
โฃ๏ธ heart {exclamation}
0%
โ™ฅ๏ธ {heart} suit
0%
๐Ÿ’˜ heart with {arrow}
0%
๐Ÿ’ฒ heavy {dollar} {sign}
0%
๐ŸŸฐ heavy {equals} sign
0%
๐Ÿฆ” {hedgehog}
0%
๐Ÿš {helicopter}
0%
๐ŸŒฟ {herb}
0%
๐ŸŒบ {hibiscus}
0%
โšก high {voltage}
0%
๐Ÿ›• {Hindu} temple
0%
๐Ÿ•ณ๏ธ {hole}
0%
๐Ÿ {honeybee}
0%
โ˜• hot {beverage}
0%
๐ŸŒญ {hot} {dog}
0%
๐Ÿจ {hotel}
0%
๐Ÿฅต {hot} face
0%
๐ŸŒถ๏ธ hot {pepper}
0%
โ™จ๏ธ hot {springs}
0%
โŒ› {hourglass} done
0%
๐Ÿก house with {garden}
0%
๐Ÿ˜ฏ {hushed} face
0%
๐Ÿ›– {hut}
0%
๐Ÿชป {hyacinth}
0%
๐Ÿ’ ice {hockey}
0%
โ›ธ๏ธ {ice} {skate}
0%
๐Ÿชช {identification} card
0%
โ˜๏ธ index pointing {up}
0%
โ™พ๏ธ {infinity}
0%
โ„น๏ธ {information}
0%
๐Ÿ”ค input latin {characters}
0%
๐Ÿ”ก input latin {lowercase}
0%
๐Ÿ”  input latin {uppercase}
0%
๐Ÿ”ข input {numbers}
0%
๐Ÿ”ฃ input {symbols}
0%
๐ŸŽƒ {jack}-{o}-{lantern}
0%
๐Ÿ‰‘ Japanese "{acceptable}" button
0%
๐Ÿˆธ Japanese "{application}" button
0%
๐Ÿ‰ Japanese "{bargain}" button
0%
ใŠ—๏ธ Japanese "{congratulations}" button
0%
๐Ÿˆน Japanese "{discount}" button
0%
๐ŸŽŽ {Japanese} dolls
0%
๐Ÿˆš Japanese "{free of charge}" button
0%
๐Ÿˆ Japanese "{here"} button
0%
๐Ÿˆท๏ธ Japanese "{monthly amount}" button
0%
๐Ÿˆถ Japanese "{not free of charge}" button
0%
๐Ÿˆต Japanese "{no vacancy}" button
0%
๐Ÿˆบ Japanese "{open for business}" button
0%
๐Ÿˆด Japanese "{passing grade}" button
0%
๐Ÿฃ {Japanese} post office
0%
๐Ÿˆฒ Japanese "{prohibited}" button
0%
๐Ÿˆฏ Japanese "{reserved}" button
0%
๐Ÿˆ‚๏ธ Japanese "{service charge}" button
0%
๐Ÿ”ฐ Japanese symbol for {beginner}
0%
๐Ÿˆณ Japanese "{vacancy}" button
0%
๐Ÿซ™ {jar}
0%
๐Ÿชผ {jellyfish}
0%
๐Ÿƒ {joker}
0%
๐Ÿ•น๏ธ {joystick}
0%
๐Ÿ•‹ {kaaba}
0%
๐Ÿฆ˜ {kangaroo}
0%
๐Ÿชฏ {khanda}
0%
๐Ÿ›ด kick {scooter}
0%
๐Ÿ‘˜ {kimono}
0%
๐Ÿ˜ฝ {kissing} cat
0%
๐Ÿ˜— {kissing} face
0%
๐Ÿ˜š {kissing} face with closed eyes
0%
๐Ÿ˜™ {kissing} face with smiling eyes
0%
๐Ÿ’‹ {kiss} mark
0%
๐Ÿช {kite}
0%
๐Ÿจ {koala}
0%
๐Ÿฅผ {lab} {coat}
0%
๐Ÿฅ {lacrosse}
0%
๐Ÿชœ {ladder}
0%
๐Ÿ”ถ large orange {diamond}
0%
โœ๏ธ latin {cross}
0%
๐Ÿƒ leaf fluttering in {wind}
0%
๐Ÿฅฌ {leafy} green
0%
๐Ÿ“’ {ledger}
0%
โ†ช๏ธ left arrow {curving} right
0%
๐Ÿค› left-{facing} fist
0%
๐Ÿ—จ๏ธ left speech {bubble}
0%
๐Ÿซฒ {leftwards} hand
0%
๐Ÿซท leftwards {pushing} hand
0%
๐Ÿ‹ {lemon}
0%
โ™Ž {Libra}
0%
๐Ÿฉต {light} {blue} heart
0%
๐Ÿ’ก {light} {bulb}
0%
๐Ÿ‹โ€๐ŸŸฉ {lime}
0%
๐Ÿšฎ {litter} in bin
0%
๐ŸฆŽ {lizard}
0%
๐Ÿฆž {lobster}
0%
๐Ÿ”’ {locked}
0%
๐Ÿš‚ {locomotive}
0%
๐Ÿชต {log}
0%
๐Ÿญ {lollipop}
0%
๐Ÿช˜ long {drum}
0%
๐Ÿงด {lotion} bottle
0%
๐Ÿชท {lotus}
0%
๐ŸคŸ {love}-you gesture
0%
๐Ÿงณ {luggage}
0%
๐Ÿซ {lungs}
0%
๐Ÿง™ {mage}
0%
๐Ÿ€„ mahjong {red} dragon
0%
โ™‚๏ธ {male} sign
0%
๐Ÿฆฃ {mammoth}
0%
๐Ÿ‘จ {man}
0%
๐Ÿฅญ {mango}
0%
๐Ÿ•ฐ๏ธ {mantlepiece} clock
0%
๐Ÿฆฝ manual {wheelchair}
0%
๐Ÿ {maple} leaf
0%
๐Ÿ—พ map of {Japan}
0%
๐Ÿฅ‹ {martial} arts uniform
0%
๐Ÿง‘โ€๐Ÿ”ง {mechanic}
0%
๐Ÿฆฟ mechanical {leg}
0%
โš•๏ธ {medical} symbol
0%
โค๏ธโ€๐Ÿฉน {mending} heart
0%
๐Ÿ•Ž {menorah}
0%
๐Ÿšน {men}'{s} room
0%
๐Ÿงœโ€โ™€๏ธ {mermaid}
0%
๐Ÿงœโ€โ™‚๏ธ {merman}
0%
๐Ÿš‡ {metro}
0%
๐Ÿฆ  {microbe}
0%
๐ŸŽค {microphone}
0%
๐Ÿ”ฌ {microscope}
0%
๐Ÿช– {military} helmet
0%
๐ŸŽ–๏ธ {military} medal
0%
๐ŸŒŒ {milky} {way}
0%
๐Ÿš {minibus}
0%
โž– {minus}
0%
๐Ÿ—ฟ {moai}
0%
๐Ÿ“ด mobile phone {off}
0%
๐Ÿ’ฐ {money} {bag}
0%
๐Ÿค‘ {money}-mouth face
0%
๐Ÿ’ธ money with {wings}
0%
๐Ÿฅฎ {moon} cake
0%
๐ŸŽ‘ {moon} viewing ceremony
0%
๐Ÿ•Œ {mosque}
0%
๐ŸฆŸ {mosquito}
0%
๐Ÿ›ฅ๏ธ {motor} boat
0%
๐Ÿ๏ธ {motorcycle}
0%
๐Ÿ›ต motorized {scooter}
0%
๐Ÿฆผ motorized {wheelchair}
0%
๐Ÿ›ฃ๏ธ {motorway}
0%
๐Ÿš  mountain {cableway}
0%
๐Ÿšž {mountain} railway
0%
๐Ÿ—ป mount {fuji}
0%
๐Ÿ {mouse}
0%
๐Ÿญ {mouse face}
0%
๐Ÿชค {mouse} {trap}
0%
๐ŸŽฅ movie {camera}
0%
โœ–๏ธ {multiply}
0%
๐Ÿ„ {mushroom}
0%
๐ŸŽน musical {keyboard}
0%
๐ŸŽผ musical {score}
0%
๐Ÿ’… {nail} {polish}
0%
๐Ÿ“› name {badge}
0%
๐Ÿงฟ nazar {amulet}
0%
๐Ÿ‘” {necktie}
0%
๐Ÿค“ {nerd} face
0%
๐Ÿช† nesting {dolls}
0%
๐Ÿชบ {nest} with eggs
0%
๐Ÿ˜ {neutral} face
0%
๐ŸŒ‘ {new} moon
0%
โญ๏ธ {next} track button
0%
๐Ÿ†– {NG} button
0%
๐ŸŒƒ {night} with stars
0%
๐Ÿ•ค {nine}-{thirty}
0%
๐Ÿฅท {ninja}
0%
๐Ÿšณ no {bicycles}
0%
โ›” no {entry}
0%
๐Ÿšฏ no {littering}
0%
๐Ÿ“ต no mobile {phones}
0%
๐Ÿ”ž no one under {eighteen}
0%
๐Ÿšท no {pedestrians}
0%
๐Ÿ‘ƒ {nose}
0%
๐Ÿšญ no {smoking}
0%
๐Ÿ““ {notebook}
0%
๐Ÿ“š {notebooks}
0%
๐Ÿ™ {octopus}
0%
๐Ÿข {oden}
0%
๐Ÿง‘โ€๐Ÿ’ผ {office} worker
0%
๐Ÿ‘น {ogre}
0%
๐Ÿ›ข๏ธ {oil} drum
0%
๐Ÿ‘Œ {OK} hand
0%
๐Ÿซ’ {olive}
0%
๐Ÿ”› {ON!} arrow
0%
๐Ÿ‘Š {oncoming} fist
0%
๐Ÿ• {one} o'clock
0%
๐Ÿฉฑ {one}-{piece} swimsuit
0%
๐Ÿ•œ {one}-{thirty}
0%
๐Ÿ“– open {book}
0%
๐Ÿ‘ {open} hands
0%
โ›Ž {Ophiuchus}
0%
๐Ÿ’ฟ {optical} disk
0%
๐Ÿงก {orange} heart
0%
๐ŸŸง {orange} square
0%
โ˜ฆ๏ธ Orthodox {cross}
0%
๐Ÿฆฆ {otter}
0%
๐Ÿฆช {oyster}
0%
๐Ÿ“ฆ {package}
0%
๐Ÿ“Ÿ {pager}
0%
๐Ÿ–Œ๏ธ {paintbrush}
0%
๐Ÿฅž {pancakes}
0%
๐Ÿผ {panda}
0%
๐Ÿ“Ž {paper} {clip}
0%
๐Ÿช‚ {parachute}
0%
๐Ÿฆœ {parrot}
0%
ใ€ฝ๏ธ part {alternation} mark
0%
๐Ÿฅณ {partying} face
0%
๐ŸŽ‰ {party} {popper}
0%
๐Ÿ›ณ๏ธ {passenger} ship
0%
๐Ÿ›‚ {passport} control
0%
โ˜ฎ๏ธ {peace} symbol
0%
๐Ÿ‘ {peach}
0%
๐Ÿฆš {peacock}
0%
๐Ÿ {pear}
0%
๐Ÿง {penguin}
0%
๐Ÿ˜” {pensive} face
0%
๐Ÿง‘โ€๐Ÿคโ€๐Ÿง‘ people holding {hands}
0%
๐Ÿ‘ฏ people with {bunny} ears
0%
๐Ÿง‘ {person}
0%
๐Ÿง‘โ€๐Ÿฆฒ person: {bald}
0%
โ›น๏ธ person {bouncing} ball
0%
๐Ÿ™‡ person {bowing}
0%
๐Ÿง‘โ€๐Ÿฆฑ person: {curly} hair
0%
๐Ÿคธ person doing {handstand}
0%
๐Ÿคฆ person {facepalming}
0%
๐Ÿคบ person {fencing}
0%
๐Ÿ™ person {frowning}
0%
๐Ÿ™† person gesturing {OK}
0%
๐Ÿ’† person getting {massage}
0%
๐Ÿง˜ person in {lotus} position
0%
๐Ÿง‘โ€๐Ÿฆฝ person in manual {wheelchair}
0%
๐Ÿง‘โ€๐Ÿฆผ person in motorized {wheelchair}
0%
๐Ÿง– person in {steamy} room
0%
๐Ÿ•ด๏ธ person in suit {levitating}
0%
๐Ÿคต person in {tuxedo}
0%
๐Ÿคน person {juggling}
0%
๐ŸงŽ person {kneeling}
0%
๐Ÿ‹๏ธ person {lifting} weights
0%
๐Ÿšต person {mountain} biking
0%
๐Ÿคพ person playing {handball}
0%
๐Ÿ™‹ person {raising} hand
0%
๐Ÿƒ person {running}
0%
๐Ÿง person {standing}
0%
๐Ÿ„ person {surfing}
0%
๐ŸŠ person {swimming}
0%
๐Ÿ’ person {tipping} hand
0%
๐Ÿ‘ณ person wearing {turban}
0%
๐Ÿ‘ฒ person with {skullcap}
0%
๐Ÿ‘ฐ person with {veil}
0%
๐Ÿง‘โ€๐Ÿฆฏ person with white {cane}
0%
๐Ÿ›ป {pickup} {truck}
0%
๐Ÿ’ฉ pile of {poo}
0%
๐Ÿ’Š {pill}
0%
๐Ÿง‘โ€โœˆ๏ธ {pilot}
0%
๐Ÿช… piรฑata
0%
๐Ÿค {pinching} hand
0%
๐Ÿ {pineapple}
0%
๐ŸŽ {pine} decoration
0%
๐Ÿดโ€โ˜ ๏ธ {pirate} flag
0%
๐Ÿ• {pizza}
0%
๐Ÿชง {placard}
0%
โฏ๏ธ {play} or {pause} button
0%
๐Ÿช  {plunger}
0%
โž• {plus}
0%
๐Ÿš“ {police} car
0%
๐Ÿ‘ฎ {police} {officer}
0%
๐ŸŽฑ pool {8} {ball}
0%
๐Ÿ“ฏ postal {horn}
0%
๐Ÿ“ฎ {postbox}
0%
๐Ÿค {post} {office}
0%
๐Ÿšฐ potable {water}
0%
๐Ÿชด {potted} plant
0%
๐Ÿ— {poultry} leg
0%
๐Ÿ’ท {pound} banknote
0%
๐Ÿซ— {pouring} liquid
0%
๐Ÿ˜พ {pouting} cat
0%
๐Ÿซ„ {pregnant} person
0%
๐Ÿคด {prince}
0%
๐Ÿ‘ธ {princess}
0%
๐Ÿšซ {prohibited}
0%
๐ŸŸฃ {purple} circle
0%
๐Ÿ’œ {purple} heart
0%
๐Ÿ‘› {purse}
0%
๐Ÿ“Œ {pushpin}
0%
๐Ÿงฉ {puzzle} piece
0%
๐Ÿฐ {rabbit} face
0%
๐Ÿฆ {raccoon}
0%
๐ŸŽ๏ธ {racing} car
0%
๐Ÿ“ป {radio}
0%
โ˜ข๏ธ {radioactive}
0%
๐Ÿ”˜ {radio} button
0%
๐Ÿ›ค๏ธ {railway} track
0%
๐ŸŒˆ {rainbow}
0%
๐Ÿณ๏ธโ€๐ŸŒˆ {rainbow} flag
0%
๐Ÿคš raised {back} of hand
0%
โœŠ {raised} fist
0%
โœ‹ {raised} hand
0%
๐Ÿ™Œ {raising} hands
0%
๐Ÿ {ram}
0%
๐Ÿ€ {rat}
0%
๐Ÿช’ {razor}
0%
โบ๏ธ {record}
0%
โ™ป๏ธ {recycling} symbol
0%
๐ŸŽ red {apple}
0%
๐Ÿ”ด {red} circle
0%
๐Ÿฎ red paper {lantern}
0%
โ“ red {question} {mark}
0%
ยฎ๏ธ {registered}
0%
๐Ÿ˜Œ {relieved} face
0%
๐ŸŽ—๏ธ reminder {ribbon}
0%
๐Ÿ” {repeat} button
0%
๐Ÿ”‚ repeat {single} button
0%
โ›‘๏ธ {rescue} worker's helmet
0%
๐Ÿšป {restroom}
0%
๐Ÿ’ž {revolving} hearts
0%
๐ŸŽ€ {ribbon}
0%
๐Ÿ™ rice {ball}
0%
๐Ÿš rice {bowl}
0%
๐Ÿ˜ rice {cracker}
0%
๐Ÿ—ฏ๏ธ right {anger} balloon
0%
โžก๏ธ {right} arrow
0%
โ†ฉ๏ธ {right} arrow curving left
0%
โคด๏ธ right arrow curving {up}
0%
๐Ÿ’ {ring}
0%
๐Ÿ›Ÿ ring {buoy}
0%
๐Ÿ  roasted {sweet} {potato}
0%
๐Ÿชจ {rock}
0%
๐Ÿš€ {rocket}
0%
๐ŸŽข {roller} {coaster}
0%
๐Ÿคฃ rolling on the floor {laughing}
0%
๐Ÿ“ {rooster}
0%
๐ŸŒน {rose}
0%
๐Ÿต๏ธ {rosette}
0%
๐Ÿ‰ {rugby} football
0%
๐ŸŽฝ running {shirt}
0%
๐Ÿฆบ safety {vest}
0%
โ™ {Sagittarius}
0%
โ›ต {sailboat}
0%
๐Ÿถ {sake}
0%
๐Ÿซก {saluting} face
0%
๐Ÿฉด {sandal}
0%
๐Ÿฅช {sandwich}
0%
๐ŸŽ… {Santa} {Claus}
0%
๐Ÿฅป {sari}
0%
๐Ÿ›ฐ๏ธ {satellite}
0%
๐Ÿฆ• {sauropod}
0%
๐Ÿ™Š {say}-no-evil monkey
0%
๐Ÿงฃ {scarf}
0%
๐Ÿง‘โ€๐Ÿ”ฌ {scientist}
0%
๐Ÿช› {screwdriver}
0%
๐Ÿ“œ {scroll}
0%
๐ŸŒฑ {seedling}
0%
๐Ÿ™ˆ {see}-no-evil monkey
0%
๐Ÿคณ {selfie}
0%
๐Ÿ•ข {seven}-{thirty}
0%
๐Ÿชก {sewing} needle
0%
๐Ÿซจ {shaking} face
0%
๐Ÿฒ shallow pan of {food}
0%
โ˜˜๏ธ {shamrock}
0%
๐Ÿฆˆ {shark}
0%
๐Ÿง shaved {ice}
0%
๐Ÿ›ก๏ธ {shield}
0%
โ›ฉ๏ธ shinto {shrine}
0%
๐Ÿฐ {shortcake}
0%
๐Ÿฆ {shrimp}
0%
๐Ÿ”€ {shuffle} tracks button
0%
๐Ÿค˜ sign of the {horns}
0%
๐Ÿง‘โ€๐ŸŽค {singer}
0%
๐Ÿ•• {six} o'clock
0%
๐Ÿ›น {skateboard}
0%
โ›ท๏ธ {skier}
0%
๐ŸŽฟ {skis}
0%
๐Ÿ’€ {skull}
0%
โ˜ ๏ธ skull and {crossbones}
0%
๐Ÿฆจ {skunk}
0%
๐Ÿ˜ด {sleeping} face
0%
๐Ÿ˜ช {sleepy} face
0%
๐Ÿ™ slightly {frowning} face
0%
๐Ÿ™‚ {slightly} smiling face
0%
๐Ÿฆฅ {sloth}
0%
๐Ÿ˜ป smiling cat with {heart}-eyes
0%
โ˜บ๏ธ {smiling} face
0%
๐Ÿ˜‡ smiling face with {halo}
0%
๐Ÿ˜ˆ smiling face with {horns}
0%
๐Ÿค— smiling face with open {hands}
0%
๐Ÿ˜Š {smiling} face with smiling eyes
0%
๐Ÿ˜Ž smiling face with {sunglasses}
0%
๐Ÿ˜ {smirking} face
0%
๐ŸŒ {snail}
0%
๐Ÿคง {sneezing} face
0%
๐Ÿ‚ {snowboarding}
0%
๐Ÿ”๏ธ {snow}-capped mountain
0%
โ„๏ธ {snowflake}
0%
โ˜ƒ๏ธ {snowman}
0%
๐Ÿงผ {soap}
0%
๐ŸฅŽ {softball}
0%
๐Ÿฆ soft {ice} {cream}
0%
๐Ÿ”œ {SOON} arrow
0%
๐ŸŽ‡ {sparkler}
0%
๐Ÿ’– {sparkling} heart
0%
๐Ÿ”ˆ {speaker} low volume
0%
๐Ÿ’ฌ {speech} balloon
0%
๐Ÿ•ท๏ธ {spider}
0%
๐Ÿ•ธ๏ธ {spider} {web}
0%
๐Ÿ—’๏ธ spiral {notepad}
0%
๐Ÿš {spiral} shell
0%
๐Ÿงฝ {sponge}
0%
๐Ÿฅ„ {spoon}
0%
๐Ÿ… {sports} medal
0%
๐Ÿฆ‘ {squid}
0%
โญ {star}
0%
โ˜ช๏ธ {star} and {crescent}
0%
โœก๏ธ star of {David}
0%
๐Ÿš‰ {station}
0%
๐Ÿ—ฝ {Statue} {of} {Liberty}
0%
๐Ÿฉบ {stethoscope}
0%
โน๏ธ {stop}
0%
๐Ÿ›‘ {stop} sign
0%
โฑ๏ธ {stopwatch}
0%
๐Ÿ“ {straight} ruler
0%
๐Ÿง‘โ€๐ŸŽ“ {student}
0%
๐ŸŽ™๏ธ studio {microphone}
0%
โ˜€๏ธ {sun}
0%
๐ŸŒป {sunflower}
0%
๐ŸŒ„ sunrise over {mountains}
0%
๐Ÿฆธ {superhero}
0%
๐Ÿฆน {supervillain}
0%
๐ŸšŸ suspension {railway}
0%
๐Ÿฆข {swan}
0%
๐Ÿ’ฆ {sweat} droplets
0%
๐Ÿ• {synagogue}
0%
๐Ÿฅก {takeout} box
0%
๐Ÿซ” {tamale}
0%
๐ŸŽ‹ {tanabata} tree
0%
๐ŸŠ {tangerine}
0%
โ™‰ {Taurus}
0%
๐Ÿš• {taxi}
0%
๐Ÿง‘โ€๐Ÿซ {teacher}
0%
๐Ÿซ– {teapot}
0%
๐Ÿง‘โ€๐Ÿ’ป {techno}logist
0%
๐Ÿงธ {teddy} bear
0%
๐Ÿ“ž telephone {receiver}
0%
๐Ÿ“บ {television}
0%
๐ŸŽพ {tennis}
0%
๐Ÿ•™ {ten} o'clock
0%
โ›บ {tent}
0%
๐Ÿ•ฅ {ten}-{thirty}
0%
๐Ÿงช {test} {tube}
0%
๐ŸŒก๏ธ {thermometer}
0%
๐Ÿค” {thinking} face
0%
๐Ÿ’ญ {thought} balloon
0%
๐Ÿ•’ {three} o'clock
0%
๐Ÿ•ž {three}-{thirty}
0%
๐ŸŽซ {ticket}
0%
๐Ÿฏ {tiger} face
0%
โฒ๏ธ {timer} clock
0%
๐Ÿ˜ซ {tired} face
0%
๐Ÿ—ผ {Tokyo} tower
0%
๐Ÿฆท {tooth}
0%
๐Ÿชฅ {toothbrush}
0%
๐ŸŽฉ {top} {hat}
0%
๐ŸŒช๏ธ {tornado}
0%
๐Ÿ–ฒ๏ธ {trackball}
0%
๐Ÿšœ {tractor}
0%
โ„ข๏ธ {trademark}
0%
๐Ÿš† {train}
0%
๐ŸšŠ {tram}
0%
๐Ÿš‹ {tram} car
0%
๐Ÿณ๏ธโ€โšง๏ธ {transgender} flag
0%
โšง๏ธ {transgender} symbol
0%
๐Ÿฆ– {T}-{rex}
0%
๐Ÿšฉ triangular {flag}
0%
๐Ÿ”ฑ {trident} emblem
0%
๐ŸงŒ {troll}
0%
๐ŸšŽ {trolley} bus
0%
๐Ÿน {tropical} drink
0%
๐Ÿ  {tropical} fish
0%
๐ŸŒท {tulip}
0%
๐Ÿฅƒ {tumbler} glass
0%
๐Ÿฆƒ {turkey}
0%
๐Ÿข {turtle}
0%
๐Ÿ•ง {twelve}-{thirty}
0%
๐Ÿ• {two}-{thirty}
0%
โ˜‚๏ธ {umbrella}
0%
๐Ÿ˜’ {unamused} face
0%
๐Ÿ†™ {UP}! button
0%
โ†•๏ธ {up}-{down} arrow
0%
๐Ÿ™ƒ {upside}-{down} face
0%
๐Ÿšฆ vertical {traffic} {light}
0%
๐Ÿ“ณ {vibration} mode
0%
โœŒ๏ธ {victory} sign
0%
๐Ÿ“น video {camera}
0%
๐ŸŽป {violin}
0%
โ™ {Virgo}
0%
๐ŸŒ‹ {volcano}
0%
๐Ÿ {volleyball}
0%
โš ๏ธ {warning}
0%
๐Ÿ—‘๏ธ {wastebasket}
0%
๐Ÿšพ {water} {closet}
0%
๐Ÿ‰ {watermelon}
0%
๐ŸŒŠ water {wave}
0%
๐Ÿ‘‹ {waving} hand
0%
ใ€ฐ๏ธ {wavy} dash
0%
๐ŸŒ’ waxing {crescent} moon
0%
๐Ÿ™€ {weary} cat
0%
๐Ÿ˜ฉ {weary} face
0%
๐Ÿ›ž {wheel}
0%
โ˜ธ๏ธ wheel of {dharma}
0%
๐Ÿฆฏ white {cane}
0%
โšช {white} circle
0%
๐Ÿ’ฎ {white} flower
0%
๐Ÿค {white} heart
0%
๐Ÿ”ณ {white} square button
0%
๐ŸŽ {wind} chime
0%
๐ŸŒฌ๏ธ {wind} face
0%
๐ŸชŸ {window}
0%
๐Ÿท {wine} glass
0%
๐Ÿ˜œ {winking} face with tongue
0%
๐Ÿ›œ {wireless}
0%
๐Ÿ‘ฉ {woman}
0%
๐Ÿ’ƒ woman {dancing}
0%
๐Ÿง• woman with {headscarf}
0%
๐Ÿšบ {women}'{s} room
0%
๐Ÿฅด {woozy} face
0%
๐ŸŽ {wrapped} gift
0%
๐Ÿ”ง {wrench}
0%
๐Ÿฉป {x}-{ray}
0%
๐Ÿงถ {yarn}
0%
๐ŸŸก {yellow} circle
0%
๐Ÿ’› {yellow} heart
0%
๐ŸŸจ {yellow} square
0%
๐Ÿ’ด {yen} banknote
0%
โ˜ฏ๏ธ {yin} {yang}
0%
๐Ÿคช {zany} face
0%
๐Ÿค {zipper}-mouth face
0%
No matching quizzes found
Score Distribution
Percent of People with Each Score
Percentile by Number Answered
Your Score History
You have not taken this quiz